Didáctica general: la práctica de la enseñanza en educación infantil, primaria y secundaria
Αποθηκεύτηκε σε:
| Κύριοι συγγραφείς: | , |
|---|---|
| Μορφή: | Βιβλίο |
| Γλώσσα: | Ισπανικά |
| Έκδοση: |
Madrid
McGraw Hill
2008
|
| Θέματα: | |
| Ετικέτες: |
Προσθήκη ετικέτας
Δεν υπάρχουν, Καταχωρήστε ετικέτα πρώτοι!
|
MARC
| LEADER | 00000nam a2200000 a 4500 | ||
|---|---|---|---|
| 001 | UCI7562 | ||
| 003 | CL-VaPUC | ||
| 008 | 080710e20080000SP |||||||||||||||||spa|d | ||
| 020 | |a 9788448166373 | ||
| 082 | 0 | 4 | |a 371.102 |b HER |2 21 |
| 100 | |a Herrán Gascón, Agustín de la |e author |9 530835 | ||
| 700 | 0 | |a Paredes Labra, Joaquín |e author |9 530836 | |
| 245 | 1 | 0 | |a Didáctica general: la práctica de la enseñanza en educación infantil, primaria y secundaria |
| 300 | |a 397 p | ||
| 942 | |c BK | ||
| 945 | |d 20080710 00:00:00 |a rbrito | ||
| 260 | |a Madrid |b McGraw Hill |c 2008 | ||
| 650 | 0 | |a Desarrollo curricular |9 365285 | |
| 650 | 0 | |a Educación preescolar |9 260381 | |
| 650 | 0 | |a Educación básica |9 224933 | |
| 650 | 0 | |a Creatividad |9 310816 | |
| 650 | 0 | |a Motivación |9 315362 | |
| 650 | 0 | |a Práctica docente |9 307872 | |
| 650 | 0 | |a Formación profesional de profesores |9 307493 | |
| 583 | |a last modification |c 20131129 02:33:10 |k Rodrigo Vera | ||
| 999 | |c 330807 |d 330805 | ||
| 952 | |0 0 |1 0 |4 0 |6 371_102000000000000_HER_2008 |7 0 |8 A |9 416638 |a BIBMAT |b BIBMAT |c E_DIDACT |d 2019-11-22 |i 4456742 |l 1 |o 371.102 HER 2008 |p 4456742 |r 2025-01-07 |s 2023-09-29 |w 2019-11-22 |y BK |k MAT | ||
| 952 | |0 0 |1 0 |4 0 |6 371_102000000000000_HER_2008 |7 0 |8 A |9 416639 |a BIBEDU |b BIBEDU |d 2019-11-22 |i 4494091 |o 371.102 HER 2008 |p 4494091 |r 2019-11-22 |w 2019-11-22 |y BK |k EBA | ||